Cities of Delaware County, Indiana - Statistics

General Stats
  • This quiz has been taken 9 times
  • The average score is 4 of 8
Answers on the Map
Answers color-coded by a green-red scale on the quiz's map according to % correct below.
 
Answer Stats
Answer % Correct
City of Muncie
100%
Town of Yorktown
71%
Town of Albany
57%
Town of Daleville
43%
Town of Selma
43%
Town of Chesterfield
29%
Town of Eaton
14%
Town of Gaston
14%
No matching quizzes found
Score Distribution
Percent of People with Each Score
Percentile by Number Answered
Your Score History
You have not taken this quiz